[Event "SR 2. liga A 2018/2019"]
[Site "?"]
[Date "2019.04.06"]
[Round "10.4"]
[White "Jozefek, Michal"]
[Black "Biro, Karol"]
[Result "1-0"]
[WhiteElo "2192"]
[BlackElo "2047"]
[PlyCount "35"]
[EventDate "2018.??.??"]
[WhiteTeam "SK Osuske B"]
[BlackTeam "SK Krasnany"]

1. d4 Nf6 2. c4 e6 3. Nc3 d5 4. cxd5 exd5 5. Bg5 c6 6. Qc2 Be7 7. e3 Nbd7 8.
Bd3 Nb6 9. Nge2 h6 10. Bh4 Bd7 11. O-O Nc8 12. f3 O-O 13. Kh1 Ne8 14. Bxe7 Nxe7
15. e4 Rc8 16. e5 Be6 17. f4 Qd7 18. f5 1-0

[Event "SR 2. liga A 2018/2019"]
[Site "?"]
[Date "2019.04.06"]
[Round "10.5"]
[White "Povysil, Peter"]
[Black "Cajka, Tibor"]
[Result "0-1"]
[WhiteElo "1973"]
[BlackElo "2115"]
[PlyCount "74"]
[EventDate "2018.??.??"]
[WhiteTeam "SK Krasnany"]
[BlackTeam "SK Osuske B"]

1. Nf3 Nf6 2. c4 g6 3. Nc3 Bg7 4. e4 d6 5. d4 O-O 6. Be2 c6 7. O-O Qc7 8. Be3
h6 9. Nd2 e5 10. d5 Nfd7 11. g4 g5 12. h4 gxh4 13. Nf3 h3 14. Qd2 Kh7 15. g5
Rg8 16. Kh2 Nf8 17. gxh6 Bf6 18. Rg1 Ng6 19. Ng5+ Bxg5 20. Rxg5 Nd7 21. Rag1 a6
22. Bh5 c5 23. Qe2 Nf6 24. Qf3 Qe7 25. Qg3 Nxh5 26. Rxh5 f6 27. Ne2 Qf7 28. Qf3
Bd7 29. Ng3 Nf4 30. Bxf4 Bg4 31. Qb3 Bxh5 32. Nxh5 Rxg1 33. Kxg1 Rg8+ 34. Bg3
Qxh5 35. Qxb7+ Kxh6 36. Kh2 Qf3 37. Kxh3 Kg6 0-1

[Event "SR 2. liga A 2018/2019"]
[Site "?"]
[Date "2019.04.06"]
[Round "10.6"]
[White "Gzib, David"]
[Black "Mandak, Miroslav"]
[Result "1/2-1/2"]
[WhiteElo "2024"]
[BlackElo "1972"]
[PlyCount "80"]
[EventDate "2018.??.??"]
[WhiteTeam "SK Osuske B"]
[BlackTeam "SK Krasnany"]

1. e4 c5 2. Nf3 e6 3. d4 cxd4 4. Nxd4 Nf6 5. Nc3 Nc6 6. Be3 Bb4 7. f3 d5 8. Qd3
O-O 9. Nxc6 bxc6 10. a3 dxe4 11. fxe4 Ba5 12. O-O-O Qc7 13. Bc5 Re8 14. Bd6 Qb7
15. e5 Bxc3 16. Qxc3 Ne4 17. Qe3 Nxd6 {=} 18. Rxd6 Bd7 19. Be2 Rec8 20. Rhd1
Be8 21. R1d3 Rab8 22. Rb3 Qc7 23. Bf3 Rxb3 {=} 24. Qxb3 Qb6 25. Qxb6 axb6 26.
c4 Kf8 27. Kc2 Ke7 28. Rd4 f6 29. exf6+ gxf6 30. Be4 f5 31. Bd3 c5 32. Rh4 Bg6
33. g4 Kf6 34. gxf5 exf5 35. Rf4 Ke5 36. Rf2 Rc6 37. Kc3 Rf6 38. b4 cxb4+ 39.
axb4 f4 40. Re2+ Kd6 1/2-1/2

[Event "SR 2. liga A 2018/2019"]
[Site "?"]
[Date "2019.04.06"]
[Round "10.7"]
[White "Mikudik, Ivan"]
[Black "Pericka, Tomas"]
[Result "1/2-1/2"]
[WhiteElo "1901"]
[BlackElo "1957"]
[PlyCount "21"]
[EventDate "2018.??.??"]
[WhiteTeam "SK Krasnany"]
[BlackTeam "SK Osuske B"]

1. d4 g6 2. c4 c5 3. d5 b5 4. cxb5 Bg7 5. e4 a6 6. Nc3 axb5 7. Bxb5 Qb6 8. Nge2
Nf6 9. Qb3 O-O 10. O-O d6 11. Re1 1/2-1/2

[Event "SR 2. liga A 2018/2019"]
[Site "?"]
[Date "2019.04.06"]
[Round "10.8"]
[White "Ulehla, Jakub"]
[Black "Kebis, Milos"]
[Result "0-1"]
[WhiteElo "1747"]
[BlackElo "1814"]
[PlyCount "88"]
[EventDate "2018.??.??"]
[WhiteTeam "SK Osuske B"]
[BlackTeam "SK Krasnany"]

1. e4 c6 2. d4 d6 3. c4 Nd7 4. Nc3 e5 5. Nf3 Ngf6 6. g3 g6 7. Bg2 Bg7 8. O-O
O-O 9. Bg5 h6 10. Bxf6 Bxf6 11. d5 c5 12. Ne1 Bg7 13. Nd3 Nf6 14. Qd2 a6 15. f4
exf4 16. gxf4 Ng4 17. e5 h5 18. h3 Nh6 19. Rae1 Nf5 20. Ne4 b5 21. b3 Rb8 22.
Ng5 f6 23. exf6 Bxf6 24. Ne6 Bxe6 25. Rxe6 Nd4 26. Re3 Rb7 27. Rg3 Rg7 28. Be4
Qe8 29. Re1 Qf7 30. Rg2 Bh4 31. Re3 Qf6 32. Qd1 bxc4 33. bxc4 Nf5 34. Bxf5 Qxf5
35. Re6 Rf6 36. Rxf6 Bxf6 37. Kh2 Re7 38. Re2 Re4 39. Rc2 Re3 40. Nf2 Qxf4+ 41.
Kg2 Be5 42. Qd2 Bd4 43. Kf1 Qf5 44. Kg2 Rf3 0-1

[Event "SR 2. liga A 2018/2019"]
[Site "?"]
[Date "2019.04.06"]
[Round "10.1"]
[White "Lanc, Alois"]
[Black "Sosna, Jan"]
[Result "1/2-1/2"]
[WhiteElo "2278"]
[BlackElo "2335"]
[PlyCount "28"]
[EventDate "2018.??.??"]
[WhiteTeam "Lokomotiva Trnava"]
[BlackTeam "SK Skalica"]

1. e4 e5 2. Nf3 Nc6 3. Bc4 Bc5 4. c3 Nf6 5. d3 d6 6. Nbd2 O-O 7. h3 a6 8. Bb3
Ba7 9. Nf1 Ne7 10. Nh4 Be6 11. Bg5 Nd7 12. Nf5 Bxf5 13. exf5 Kh8 14. Ng3 f6
1/2-1/2

[Event "SR 2. liga A 2018/2019"]
[Site "?"]
[Date "2019.04.06"]
[Round "10.2"]
[White "Kapusta, Petr"]
[Black "Nicolini, Alexander"]
[Result "1-0"]
[WhiteElo "2167"]
[BlackElo "2155"]
[PlyCount "97"]
[EventDate "2018.??.??"]
[WhiteTeam "SK Skalica"]
[BlackTeam "Lokomotiva Trnava"]

1. e4 e5 2. Nf3 Nc6 3. d4 exd4 4. c3 d5 5. exd5 Qxd5 6. cxd4 Nf6 7. Nc3 Bb4 8.
a3 Bxc3+ 9. bxc3 O-O 10. Be2 Bf5 11. O-O Ne4 12. c4 Qa5 13. d5 Nc3 14. Qe1
Nxe2+ 15. Qxe2 Rfe8 16. Be3 Ne5 17. Nxe5 Rxe5 18. Qb2 Rae8 19. Qxb7 Bd3 20.
Rfc1 Re4 21. Qb3 Be2 22. Rc2 Bg4 23. Qb5 Qxb5 24. cxb5 R4e5 25. h3 Bf5 26. Rxc7
Rxd5 27. a4 a6 28. bxa6 Ra5 29. Rc5 Rxc5 30. Bxc5 Be4 31. a7 Ba8 32. Rb1 f6 33.
Rb8 Kf7 34. Bd6 h5 35. Rxa8 Rxa8 36. Bb8 Ke6 37. Kf1 Kd5 38. Ke2 Ke4 39. f3+
Kd4 40. Kd2 h4 41. Ke2 f5 42. f4 Ke4 43. Kf2 g6 44. Ke2 Kd4 45. Kf3 Kd3 46. g3
Kd2 47. gxh4 Kd3 48. Kg3 Ke3 49. h5 1-0

[Event "SR 2. liga A 2018/2019"]
[Site "?"]
[Date "2019.04.06"]
[Round "10.3"]
[White "Kovacocy, Pavel"]
[Black "Koutny, Petr"]
[Result "0-1"]
[WhiteElo "2277"]
[BlackElo "2239"]
[PlyCount "62"]
[EventDate "2018.??.??"]
[WhiteTeam "Lokomotiva Trnava"]
[BlackTeam "SK Skalica"]

1. e4 c5 2. Nf3 d6 3. d4 cxd4 4. Nxd4 Nf6 5. f3 e6 6. c4 Qb6 7. Nc2 d5 8. Be3
Bc5 9. Bxc5 Qxc5 10. b4 Qd6 11. cxd5 exd5 12. Nc3 O-O 13. Nxd5 Nxd5 14. Qxd5
Qg6 15. Qd2 Nc6 16. Bc4 Rd8 17. Qf2 Ne5 18. Be2 Be6 19. Nd4 Qf6 20. Rd1 Nc6 21.
Nxc6 Qc3+ 22. Kf1 bxc6 23. g4 Rxd1+ 24. Bxd1 Rd8 25. Kg2 Rd2 26. Be2 Bc4 27.
Re1 Rxa2 28. Kh3 h6 29. Qc5 Rxe2 30. Rxe2 Qxf3+ 31. Kh4 g5+ 0-1

[Event "SR 2. liga A 2018/2019"]
[Site "?"]
[Date "2019.04.06"]
[Round "10.4"]
[White "Husek, Martin"]
[Black "Arendas, Marek"]
[Result "1-0"]
[WhiteElo "2163"]
[BlackElo "2130"]
[PlyCount "59"]
[EventDate "2018.??.??"]
[WhiteTeam "SK Skalica"]
[BlackTeam "Lokomotiva Trnava"]

1. e4 c5 2. Nf3 e6 3. d4 cxd4 4. Nxd4 Nf6 5. Nc3 d6 6. g4 a6 7. g5 Nfd7 8. Be3
Be7 9. h4 Nc6 10. Qe2 Qc7 11. Bh3 Nc5 12. O-O-O b5 13. Nxc6 Qxc6 14. Rhe1 O-O
15. Bg2 Bd7 16. Nd5 Bd8 17. e5 Qc8 18. Nf6+ gxf6 19. gxf6 Kh8 20. Bxa8 d5 21.
Bh6 Rg8 22. Rg1 Rg6 23. Bg7+ Kg8 24. h5 Qxa8 25. hxg6 fxg6 26. Qe3 Bb6 27. Qh6
Qe8 28. Rh1 Kf7 29. Qxh7 Qg8 30. Qxg8+ 1-0

[Event "SR 2. liga A 2018/2019"]
[Site "?"]
[Date "2019.04.06"]
[Round "10.5"]
[White "Veselsky, Jozef"]
[Black "Hudacek, Josef"]
[Result "0-1"]
[WhiteElo "2150"]
[BlackElo "2093"]
[PlyCount "166"]
[EventDate "2018.??.??"]
[WhiteTeam "Lokomotiva Trnava"]
[BlackTeam "SK Skalica"]

1. d4 Nf6 2. Nf3 g6 3. c4 Bg7 4. Nc3 d5 5. Bg5 Ne4 6. Bf4 Nxc3 7. bxc3 O-O 8.
e3 c6 9. Be2 Nd7 10. O-O dxc4 11. Bxc4 Nb6 12. Qb3 Nxc4 13. Qxc4 Be6 14. Qc5
Bd5 15. Nd2 e5 16. Bg3 b6 17. Qa3 exd4 18. cxd4 c5 19. Rad1 cxd4 20. exd4 Bxd4
21. Nb1 Bc5 22. Qb2 Qg5 23. Rfe1 Rfe8 24. Qb5 Rxe1+ 25. Rxe1 Be6 26. Kh1 Qd5
27. Qb2 Bd4 28. Qd2 Bf6 29. Qf4 Bg5 30. Qc7 Qa5 31. f4 Bf6 32. h3 Qxa2 33. Nc3
Bxc3 34. Qxc3 Qb3 35. Qxb3 Bxb3 36. f5 gxf5 37. Re7 Bd5 38. Bf2 Kg7 39. Kg1 Kf6
40. Bh4+ Kg6 41. Bf2 Be6 42. Be3 Kf6 43. Rc7 Ke5 44. g3 Kd6 45. Bf4+ Kd5 46.
Be3 Ke4 47. Bf2 f4 48. gxf4 Kxf4 49. h4 Kf3 50. Rc3+ Kg4 51. Ra3 Bd5 52. Ra4+
Kf5 53. Kf1 Ke6 54. Ke2 f5 55. Ke3 a6 56. Kf4 b5 57. Ra1 a5 58. Bb6 a4 59. Bc5
Rc8 60. Bd4 Rc4 61. Ke3 f4+ 62. Kd3 f3 63. Re1+ Kd6 64. Re8 Bf7 65. Re1 Bg6+
66. Ke3 Kd5 67. Rd1 Rc2 68. Bg7+ Kc6 69. Rd8 b4 70. Kxf3 b3 71. Rb8 Rh2 72. Bf6
Kc5 73. Ke3 Kc4 74. Rc8+ Kd5 75. h5 Rxh5 76. Ra8 Rh2 77. Ra5+ Ke6 78. Ra6+ Kf5
79. Bc3 b2 80. Rb6 a3 81. Rb3 Kg4 82. Rb4+ Kg5 83. Be5 Rh3+ 0-1

[Event "SR 2. liga A 2018/2019"]
[Site "?"]
[Date "2019.04.06"]
[Round "10.6"]
[White "Kucharek, Jaroslav"]
[Black "Puchart, Vladimir"]
[Result "1/2-1/2"]
[WhiteElo "2043"]
[BlackElo "2020"]
[PlyCount "26"]
[EventDate "2018.??.??"]
[WhiteTeam "SK Skalica"]
[BlackTeam "Lokomotiva Trnava"]

1. d4 Nf6 2. c4 e6 3. g3 d5 4. Bg2 c5 5. cxd5 Nxd5 6. Nf3 Nc6 7. O-O Be7 8. Nc3
Nxc3 9. bxc3 O-O 10. Be3 cxd4 11. cxd4 Bd7 12. Rb1 b6 13. Qd2 Rc8 1/2-1/2

[Event "SR 2. liga A 2018/2019"]
[Site "?"]
[Date "2019.04.06"]
[Round "10.7"]
[White "Szitkey, Milan"]
[Black "Hrubsa, Marian"]
[Result "1-0"]
[WhiteElo "2062"]
[BlackElo "1889"]
[PlyCount "79"]
[EventDate "2018.??.??"]
[WhiteTeam "Lokomotiva Trnava"]
[BlackTeam "SK Skalica"]

1. e4 e6 2. d4 d5 3. Nd2 Nf6 4. e5 Nfd7 5. Bd3 c5 6. c3 Nc6 7. Ne2 cxd4 8. cxd4
f6 9. exf6 Nxf6 10. Nf3 Bd6 11. O-O O-O 12. Bf4 Bxf4 13. Nxf4 Ne4 14. g3 Qf6
15. Kg2 Qh6 16. Ne5 Nxe5 17. dxe5 Qg5 18. Qh5 Qxh5 19. Nxh5 Nc5 20. Be2 b6 21.
Rfc1 a5 22. Nf4 Rf5 23. Nd3 Nxd3 24. Bxd3 Rxe5 25. Rc7 d4 26. Rac1 Rc5 27.
R1xc5 bxc5 28. Bc4 Kf8 29. f4 Rb8 30. Kf1 Ra8 31. Ke1 Ba6 32. Bxe6 Rb8 33. b3
Rb7 34. Rxc5 Re7 35. f5 g6 36. Rxa5 Bd3 37. Kd2 Bb1 38. g4 Kg7 39. Ra6 Rc7 40.
f6+ 1-0

[Event "SR 2. liga A 2018/2019"]
[Site "?"]
[Date "2019.04.06"]
[Round "10.8"]
[White "Harasta, Marian"]
[Black "Doucha, Ludvig"]
[Result "0-1"]
[WhiteElo "1663"]
[BlackElo "1831"]
[PlyCount "62"]
[EventDate "2018.??.??"]
[WhiteTeam "SK Skalica"]
[BlackTeam "Lokomotiva Trnava"]

1. d4 Nf6 2. c4 c5 3. d5 e5 4. dxe6 fxe6 5. Bg5 Be7 6. Nc3 O-O 7. Nf3 Nc6 8. e3
a6 9. a4 b6 10. Be2 Bb7 11. O-O Nb4 12. Ne5 d6 13. Nd3 Rc8 14. Nf4 Qd7 15. Bxf6
Bxf6 16. Bg4 Rce8 17. Qd2 Be5 18. Nce2 Qf7 19. Rad1 g6 20. b3 h5 21. Bxe6 Rxe6
22. Nxe6 Qxe6 23. Nf4 Bxf4 24. exf4 d5 25. Rfe1 Qf6 26. cxd5 Nxd5 27. g3 Nc3
28. Rc1 Qc6 29. f3 Qxf3 30. Rxc3 Qh1+ 31. Kf2 Qg2+ 0-1

[Event "SR 2. liga A 2018/2019"]
[Site "?"]
[Date "2019.04.06"]
[Round "10.1"]
[White "Farkas, Gabor"]
[Black "Gasa, Patrik"]
[Result "1-0"]
[WhiteElo "2357"]
[BlackElo "2180"]
[PlyCount "63"]
[EventDate "2018.??.??"]
[WhiteTeam "SK Senec"]
[BlackTeam "SK Kupele Piestany"]

1. e4 c6 2. d4 d5 3. Nc3 dxe4 4. Nxe4 Nf6 5. Nxf6+ gxf6 6. Nf3 Bg4 7. Be2 Nd7
8. Bf4 Qb6 9. O-O e6 10. c4 Rg8 11. c5 Qxb2 12. Qd3 Bf5 13. Qe3 Rg4 14. Nd2 Rg8
15. Rfc1 e5 16. Nb3 O-O-O 17. Bg3 Bh6 18. Qxh6 Qxe2 19. dxe5 Rg6 20. Qf4 Qe4
21. e6 Ne5 22. Qxe4 Bxe4 23. Re1 Bd5 24. f4 Nd3 25. e7 Re8 26. Re3 Nb4 27. Nd4
Kd7 28. Rb1 a5 29. a3 Rxe7 30. Rxe7+ Kxe7 31. axb4 a4 32. Ra1 1-0

[Event "SR 2. liga A 2018/2019"]
[Site "?"]
[Date "2019.04.06"]
[Round "10.2"]
[White "Abel, Peter"]
[Black "Balogh, Peter"]
[Result "1/2-1/2"]
[WhiteElo "2221"]
[BlackElo "2265"]
[PlyCount "90"]
[EventDate "2018.??.??"]
[WhiteTeam "SK Kupele Piestany"]
[BlackTeam "SK Senec"]

1. c4 c5 2. Nc3 Nc6 3. g3 g6 4. Bg2 Bg7 5. Nf3 e6 6. O-O Nge7 7. d3 O-O 8. Rb1
d5 9. cxd5 Nxd5 10. Bd2 b6 11. a3 Bb7 12. Qa4 a6 13. Rfc1 Rc8 14. b4 cxb4 15.
Nxd5 Qxd5 16. axb4 b5 17. Qd1 Nd4 18. Be3 e5 19. Ne1 Qd7 20. Bxb7 Qxb7 21. Nc2
Rfe8 22. Nxd4 exd4 23. Bf4 Qd5 24. Rxc8 Rxc8 25. Rc1 Rc3 26. Bd2 Rc6 27. Rxc6
Qxc6 28. Qb3 h5 29. h4 Kf8 30. Bg5 Ke8 31. Qa2 Bf8 32. Bd2 Qe6 33. Qxe6+ fxe6
34. Kg2 Kd7 35. Kf3 e5 36. Ke4 Ke6 37. Be1 Be7 38. Bd2 Bf8 39. f3 Be7 40. Be1
Bf8 41. Bd2 Be7 42. Be1 Bf8 43. g4 Be7 44. gxh5 gxh5 45. f4 Bf6 1/2-1/2

[Event "SR 2. liga A 2018/2019"]
[Site "?"]
[Date "2019.04.06"]
[Round "10.3"]
[White "Takacs, Laszlo"]
[Black "Kundrik, Peter"]
[Result "1-0"]
[WhiteElo "2306"]
[BlackElo "2236"]
[PlyCount "101"]
[EventDate "2018.??.??"]
[WhiteTeam "SK Senec"]
[BlackTeam "SK Kupele Piestany"]

1. e4 d6 2. d4 Nf6 3. Nc3 g6 4. f3 Bg7 5. Be3 Nbd7 6. Qd2 O-O 7. O-O-O c6 8. h4
h5 9. Bh6 Qa5 10. Kb1 b5 11. Nd5 Qd8 12. Bxg7 Kxg7 13. Nf4 e5 14. dxe5 dxe5 15.
Nfh3 Qb6 16. Ne2 Nc5 17. Qg5 Re8 18. Ng3 Bxh3 19. Rxh3 Nh7 20. Qc1 Rad8 21. Bd3
Ne6 22. Ne2 Nf6 23. g4 hxg4 24. fxg4 Nxg4 25. Rf1 Rh8 26. h5 Rd7 27. Rg3 gxh5
28. Rf5 Kf8 29. Qh1 Ng7 30. Rxg4 Nxf5 31. exf5 Qf2 32. Rg2 Qf3 33. Rh2 Rxd3 34.
cxd3 Qxd3+ 35. Kc1 e4 36. Nc3 e3 37. Qe4 Qxe4 38. Nxe4 Rg8 39. Kc2 Rg4 40. Kd3
Kg7 41. Kxe3 Rg1 42. Rxh5 Re1+ 43. Kd3 Rd1+ 44. Kc3 f6 45. Rh2 Rc1+ 46. Kd4
Rd1+ 47. Rd2 Rf1 48. Rf2 Rd1+ 49. Kc5 Rc1+ 50. Kd6 Kf7 51. Nc5 1-0

[Event "SR 2. liga A 2018/2019"]
[Site "?"]
[Date "2019.04.06"]
[Round "10.4"]
[White "Nemsak, Denis"]
[Black "Gruca, Miroslav"]
[Result "1-0"]
[WhiteElo "2039"]
[BlackElo "2165"]
[PlyCount "119"]
[EventDate "2018.??.??"]
[WhiteTeam "SK Kupele Piestany"]
[BlackTeam "SK Senec"]

1. c4 e5 2. Nc3 Nf6 3. g3 c6 4. Nf3 e4 5. Nd4 Qb6 6. Nc2 d5 7. Bg2 Bf5 8. cxd5
cxd5 9. d3 Nc6 10. O-O Rd8 11. Bg5 Be7 12. d4 O-O 13. Qd2 Na5 14. b3 Nc6 15.
Rfc1 h6 16. Bxf6 Bxf6 17. e3 Be7 18. Rab1 Be6 19. Na4 Qc7 20. b4 Qd6 21. b5 Nb8
22. Nc5 Bc8 23. Qa5 Nd7 24. Qxa7 Nxc5 25. dxc5 Qxc5 26. b6 Bf6 27. Nd4 Qd6 28.
Nb5 Qe6 29. Nc7 Qf5 30. Rb5 Rd7 31. Qa5 Rfd8 32. Nxd5 Rxd5 33. Rxd5 Rxd5 34.
Rxc8+ Kh7 35. Qa4 Qxc8 36. Qxe4+ Rf5 37. g4 Qc1+ 38. Bf1 Qc6 39. Qxf5+ g6 40.
Qb1 Bd8 41. Bg2 Qxb6 42. Qxb6 Bxb6 43. Bxb7 f5 44. gxf5 gxf5 45. Kf1 Kg6 46.
Ke2 Kg5 47. f3 Bc7 48. h3 h5 49. Bc8 f4 50. e4 Kh4 51. a4 Kg3 52. Bd7 Kh4 53.
Kd3 Kg3 54. Kd4 Kxf3 55. e5 Kg3 56. e6 Bd8 57. a5 f3 58. a6 f2 59. Bb5 Kxh3 60.
Ke4 1-0

[Event "SR 2. liga A 2018/2019"]
[Site "?"]
[Date "2019.04.06"]
[Round "10.5"]
[White "Merva, Frantisek"]
[Black "Bincik, Pavol"]
[Result "0-1"]
[WhiteElo "2070"]
[BlackElo "1931"]
[PlyCount "70"]
[EventDate "2018.??.??"]
[WhiteTeam "SK Senec"]
[BlackTeam "SK Kupele Piestany"]

1. d4 Nf6 2. c4 e5 3. dxe5 Ng4 4. Nf3 Bc5 5. e3 Nc6 6. a3 a5 7. Nc3 Ngxe5 8. b3
O-O 9. Bb2 Re8 10. Be2 Nxf3+ 11. Bxf3 Ne5 12. O-O Nxf3+ 13. Qxf3 Ra6 14. Nd5
Rh6 15. Qg3 Rg6 16. Qxc7 Qg5 17. g3 Bd6 18. Qxa5 h5 19. Qd2 h4 20. Nf4 Bxf4 21.
exf4 Qf5 22. Rae1 Rge6 23. Re5 Rxe5 24. fxe5 h3 25. f3 b5 26. cxb5 Bb7 27. a4
Rc8 28. Bc3 Qe6 29. Bd4 Qxb3 30. Qe3 Qa2 31. Qf2 Rc2 32. a5 Rxf2 33. Rxf2 Qxa5
34. b6 Qe1+ 35. Rf1 Qd2 0-1

[Event "SR 2. liga A 2018/2019"]
[Site "?"]
[Date "2019.04.06"]
[Round "10.6"]
[White "Matulik, Daniel"]
[Black "Koloditsova, Renata"]
[Result "1/2-1/2"]
[WhiteElo "2098"]
[BlackElo "1919"]
[PlyCount "48"]
[EventDate "2018.??.??"]
[WhiteTeam "SK Kupele Piestany"]
[BlackTeam "SK Senec"]

1. d4 d5 2. Nf3 c6 3. e3 e6 4. Bd3 f5 5. O-O Nf6 6. b3 Nbd7 7. c4 Ne4 8. Qc2
Qf6 9. Ba3 Bxa3 10. Nxa3 O-O 11. b4 Qh6 12. Ne5 g5 13. f3 Nd6 14. Nxd7 Bxd7 15.
c5 Ne8 16. Rae1 Qg7 17. Qc3 f4 18. Nc2 fxe3 19. Nxe3 Rf4 20. Nc2 Nc7 21. g3 Rf7
22. Re5 Raf8 23. Qd2 h6 24. Kg2 Ne8 1/2-1/2

[Event "SR 2. liga A 2018/2019"]
[Site "?"]
[Date "2019.04.06"]
[Round "10.8"]
[White "Manak, Adrian"]
[Black "Pusec, Pavel"]
[Result "1-0"]
[WhiteElo "1946"]
[BlackElo "1942"]
[PlyCount "53"]
[EventDate "2018.??.??"]
[WhiteTeam "SK Kupele Piestany"]
[BlackTeam "SK Senec"]

1. e4 d6 2. Nc3 g6 3. d4 Bg7 4. Be3 Nf6 5. f3 Nbd7 6. Qd2 e5 7. O-O-O exd4 8.
Bxd4 Nb6 9. g4 Be6 10. h4 Qe7 11. g5 Nh5 12. Bxg7 Nxg7 13. Qd4 O-O 14. Nh3 Rad8
15. Nf4 c6 16. Qg1 Bc8 17. h5 Ne6 18. Nxe6 Bxe6 19. Bd3 Bc4 20. f4 Bxd3 21.
cxd3 Nd7 22. f5 h6 23. f6 Nxf6 24. gxf6 Qxf6 25. hxg6 fxg6 26. Rd2 Rd7 27. Rxh6
1-0

[Event "SR 2. liga A 2018/2019"]
[Site "?"]
[Date "2019.04.07"]
[Round "11.1"]
[White "Machata, Martin"]
[Black "Kostolansky, Sebastian"]
[Result "0-1"]
[WhiteElo "2197"]
[BlackElo "2323"]
[PlyCount "42"]
[EventDate "2018.??.??"]
[WhiteTeam "SK Modra B"]
[BlackTeam "SK Slovan Bratislava E"]

1. Nf3 Nf6 2. g3 d5 3. Bg2 Bg4 4. c4 e6 5. d3 Nbd7 6. Nbd2 c6 7. O-O Bd6 8. h3
Bh5 9. b4 Bxb4 10. Rb1 Bd6 11. Rxb7 O-O 12. Rb1 Re8 13. Qa4 Nc5 14. Qc2 e5 15.
Ba3 e4 16. dxe4 dxe4 17. Nd4 e3 18. fxe3 Rxe3 19. N2f3 Rxa3 20. Nxc6 Qe8 21.
Nfe5 Rxg3 0-1

[Event "SR 2. liga A 2018/2019"]
[Site "?"]
[Date "2019.04.07"]
[Round "11.2"]
[White "Jancovic, Peter"]
[Black "Banas, Kamil"]
[Result "1/2-1/2"]
[WhiteElo "2299"]
[BlackElo "2287"]
[PlyCount "34"]
[EventDate "2018.??.??"]
[WhiteTeam "SK Slovan Bratislava E"]
[BlackTeam "SK Modra B"]

1. d4 d5 2. c4 e6 3. Nc3 Nf6 4. Nf3 Be7 5. Bf4 O-O 6. e3 b6 7. Qc2 Ba6 8. cxd5
Bxf1 9. Kxf1 Nxd5 10. Nxd5 Qxd5 11. Qxc7 Nc6 12. h3 Rac8 13. Qb7 Qb5+ 14. Kg1
Qxb2 15. Kh2 Ba3 16. Bg3 Qb4 17. Rab1 Qe7 1/2-1/2

[Event "SR 2. liga A 2018/2019"]
[Site "?"]
[Date "2019.04.07"]
[Round "11.3"]
[White "Mydlarik, Martin"]
[Black "Nestorenko, Dmitry"]
[Result "0-1"]
[WhiteElo "2130"]
[BlackElo "2159"]
[PlyCount "90"]
[EventDate "2018.??.??"]
[WhiteTeam "SK Modra B"]
[BlackTeam "SK Slovan Bratislava E"]

1. e4 c5 2. Nf3 Nc6 3. Bb5 g6 4. Bxc6 dxc6 5. h3 Bg7 6. e5 f6 7. Qe2 fxe5 8.
Nxe5 Nh6 9. O-O O-O 10. Nc3 Nf7 11. Nf3 g5 12. Ne4 g4 13. Nfg5 Nxg5 14. Nxg5
Qd5 15. h4 Bf5 16. d3 h6 17. Ne4 c4 18. a4 Rfd8 19. Ra3 b5 20. axb5 cxb5 21.
Re1 b4 22. Ra6 cxd3 23. cxd3 Qb5 24. Ng3 Bxd3 25. Qxg4 Qxa6 26. Re6 Qc4 27. Bf4
Kf7 28. Nh5 Qxe6 29. Qxg7+ Ke8 30. Qh8+ Kd7 31. Qd4+ Kc6 32. Qxb4 Qd5 33. Qxe7
Qxh5 34. Qc7+ Kb5 35. Qb7+ Ka4 36. Qc6+ Qb5 37. Qc1 Rac8 38. Qa1+ Kb3 39. Qa3+
Kc2 40. b3 Kb1 41. Qxa7 h5 42. Qe3 Re8 43. Qd2 Qxb3 44. Bg5 Qc3 45. Qd1+ Qc1
0-1

[Event "SR 2. liga A 2018/2019"]
[Site "?"]
[Date "2019.04.07"]
[Round "11.4"]
[White "Hacik, Radomir"]
[Black "Bochnicka, Vladimir ml"]
[Result "1/2-1/2"]
[WhiteElo "2125"]
[BlackElo "2079"]
[PlyCount "76"]
[EventDate "2018.??.??"]
[WhiteTeam "SK Slovan Bratislava E"]
[BlackTeam "SK Modra B"]

1. c4 e5 2. Nc3 Nf6 3. g3 d5 4. cxd5 Nxd5 5. Bg2 Nb6 6. Nf3 Nc6 7. a3 Be6 8. d3
Be7 9. O-O O-O 10. b4 a6 11. Bb2 f6 12. Rc1 Qe8 13. Ne4 Qf7 14. Nc5 Bxc5 15.
Rxc5 Na4 16. Qxa4 Bb3 17. Nd2 Bxa4 18. Bd5 Qxd5 19. Rxd5 b6 20. Rd7 Rac8 21.
Rc1 Nd4 22. Rxd4 exd4 23. Bxd4 Rfd8 24. Be3 c5 25. bxc5 bxc5 26. f3 Rc6 27. Kf2
Bb5 28. Nb3 c4 29. Na5 Rcc8 30. dxc4 Ba4 31. c5 Rd1 32. Rc3 Bb5 33. Nc4 Rb1 34.
Nd6 Rc6 35. Nxb5 axb5 36. h4 Ra1 37. Rb3 Ra6 38. Rxb5 R1xa3 1/2-1/2

[Event "SR 2. liga A 2018/2019"]
[Site "?"]
[Date "2019.04.07"]
[Round "11.5"]
[White "Sobek, Michal"]
[Black "Zetocha, Adrian"]
[Result "1-0"]
[WhiteElo "2073"]
[BlackElo "2200"]
[PlyCount "61"]
[EventDate "2018.??.??"]
[WhiteTeam "SK Modra B"]
[BlackTeam "SK Slovan Bratislava E"]

1. e4 c5 2. Nc3 Nc6 3. Nf3 g6 4. d4 cxd4 5. Nxd4 Bg7 6. Nxc6 bxc6 7. Bc4 d6 8.
O-O Nf6 9. Re1 O-O 10. Bb3 Bb7 11. Bg5 Qc7 12. Qd3 a5 13. Qg3 h6 14. Bxf6 Bxf6
15. Qxg6+ Bg7 16. Qh5 e6 17. Rad1 d5 18. e5 c5 19. Nb5 Qc6 20. a4 c4 21. Ba2
Ba6 22. Nc3 Rab8 23. Re3 Rxb2 24. Rg3 Kh8 25. Rd4 f5 26. Rh4 Qd7 27. Qg6 Rf7
28. Rxh6+ Kg8 29. Rgh3 Kf8 30. Rh8+ Ke7 31. R3h7 1-0

[Event "SR 2. liga A 2018/2019"]
[Site "?"]
[Date "2019.04.07"]
[Round "11.6"]
[White "Vadila, Ondrej"]
[Black "Bochnickova, Andrea"]
[Result "0-1"]
[WhiteElo "2087"]
[BlackElo "2102"]
[PlyCount "84"]
[EventDate "2018.??.??"]
[WhiteTeam "SK Slovan Bratislava E"]
[BlackTeam "SK Modra B"]

1. d4 Nf6 2. Bf4 d5 3. e3 c5 4. c3 Nc6 5. Nd2 e6 6. Ngf3 Be7 7. h3 O-O 8. Bd3
c4 9. Be2 b5 10. O-O Qb6 11. b3 cxb3 12. axb3 a5 13. Ne5 Bb7 14. c4 dxc4 15.
bxc4 b4 16. c5 Qd8 17. Bf3 Nd5 18. Ndc4 Nxe5 19. Bxe5 Nc3 20. Qd3 Bxf3 21. gxf3
f6 22. Bd6 Bxd6 23. Nxd6 f5 24. Kh2 Qh4 25. e4 Rf6 26. exf5 Rh6 27. f4 Qxf4+
28. Qg3 Qxd4 29. Qe3 e5 30. Rg1 Qxe3 31. fxe3 a4 32. Nc4 a3 33. Rgc1 Nd5 34.
Rd1 Nc3 35. Rdc1 Rha6 36. Nb6 R8a7 37. Nc4 a2 38. c6 Rxc6 39. Nxe5 Rb6 40. Nd3
b3 41. Rxc3 b2 42. Ne5 Rb8 0-1

[Event "SR 2. liga A 2018/2019"]
[Site "?"]
[Date "2019.04.07"]
[Round "11.7"]
[White "Sandor, Martin"]
[Black "Djubek, Boris"]
[Result "1/2-1/2"]
[WhiteElo "2015"]
[BlackElo "2017"]
[PlyCount "73"]
[EventDate "2018.??.??"]
[WhiteTeam "SK Modra B"]
[BlackTeam "SK Slovan Bratislava E"]

1. e4 e5 2. Nf3 Nc6 3. Bc4 Be7 4. c3 Nf6 5. d3 O-O 6. O-O d6 7. Nbd2 Na5 8. Bb5
Bd7 9. Bxd7 Qxd7 10. Re1 Rfe8 11. b4 Nc6 12. Nc4 b5 13. Ne3 d5 14. Qc2 a5 15.
bxa5 Rxa5 16. Nf5 dxe4 17. dxe4 Bc5 18. Be3 Bxe3 19. Nxe3 Rea8 20. Red1 Qe8 21.
Nd5 Nxd5 22. exd5 Nb8 23. Re1 f6 24. Nd4 Qd7 25. Nb3 Ra3 26. Red1 Na6 27. Rd2
Ra4 28. Qd3 Rb8 29. Rc1 Qd6 30. Qe3 Qb6 31. Qh3 Rd8 32. Rcd1 Qd6 33. Qe3 Ra8
34. Qd3 Rb8 35. Qe3 Ra8 36. Qd3 Rb8 37. Qe3 1/2-1/2

[Event "SR 2. liga A 2018/2019"]
[Site "?"]
[Date "2019.04.07"]
[Round "11.8"]
[White "Chlpek, Daniel"]
[Black "Stevik, Patrik"]
[Result "1/2-1/2"]
[WhiteElo "1931"]
[BlackElo "1937"]
[PlyCount "39"]
[EventDate "2018.??.??"]
[WhiteTeam "SK Slovan Bratislava E"]
[BlackTeam "SK Modra B"]

1. d4 Nf6 2. c4 g6 3. Nc3 Bg7 4. e4 d6 5. Nf3 O-O 6. h3 e5 7. d5 a5 8. Be3 Na6
9. g4 b6 10. Be2 Nc5 11. Nd2 Ne8 12. Qc2 f5 13. f3 Nf6 14. O-O-O f4 15. Bxc5
bxc5 16. Ndb1 Nd7 17. h4 h6 18. Nb5 Nb6 19. h5 g5 20. N1c3 1/2-1/2